[Event "EU-ch U10"]
[Site "Prague"]
[Date "2012.08.21"]
[Round "5"]
[White "Chekletsov, Egor"]
[Black "Shengeliya, Mikhail"]
[Result "1/2-1/2"]
[WhiteElo "1878"]
[BlackElo "1746"]
[PlyCount "81"]
[EventDate "2012.08.17"]
[EventType "swiss"]
[EventRounds "9"]
[EventCountry "CZE"]
[SourceTitle "CBM 150 Extra"]
[Source "ChessBase"]
[SourceDate "2012.10.19"]
[SourceVersion "1"]
[SourceVersionDate "2012.10.19"]
[SourceQuality "1"]

1. d4 g6 2. e4 Bg7 3. f3 d6 4. Be3 Nd7 5. Nc3 e5 6. Nge2 Ne7 7. Qd2 0-0 8. 0-0-0 Rb8 9. Bh6 b5 10. Bxg7 Kxg7 11. g4 Nb6 12. dxe5 Nc4 13. Qf4 b4 14. Nd5 Nxd5 15. exd5 Nxe5 16. h4 f5 17. g5 a5 18. h5 a4 19. hxg6 hxg6 20. Bg2 b3 21. cxb3 axb3 22. a3 Rb5 23. Kb1 Rc5 24. Nd4 Rxd5 25. Qh4 Rh8 26. Qxh8+ Qxh8 27. Rxh8 Kxh8 28. f4 Rc5 29. fxe5 Rxe5 30. Nxb3 f4 31. Rh1+ Kg7 32. Rc1 c5 33. Rf1 Rxg5 34. Be4 Rg3 35. Nd2 g5 36. Nc4 Ba6 37. Rc1 Bxc4 38. Rxc4 f3 39. Bd3 Rg1+ 40. Kc2 f2 41. b4 1/2-1/2